01138cam a2200301 a 450000100090000000300040000900500170001300800410003001000170007102000150008802000150010304000180011805000200013608200190015610000330017524501070020825000120031526000350032730000320036250400510039465000190044565000220046465000260048670000350051285600920054785600910063985601060073012462042OSt20150408114151.0010706s2002 maua b 001 0 eng  a 2001044139 a0073660116 a0071122567 aDLCcDLCdDLC00aQA273b.P2 200200a519.2221bPAP1 aPapoulis, Athanasios,d1921-10aProbability, random variables, and stochastic processes /cAthanasios Papoulis, S. Unnikrishna Pillai. a4th ed. aBoston :bMcGraw-Hill,cc2002. ax, 852 p. :bill. ;c25 cm. aIncludes bibliographical references and index. 0aProbabilities. 0aRandom variables. 0aStochastic processes.1 aPillai, S. Unnikrishna,d1955-413Table of contents onlyuhttp://www.loc.gov/catdir/enhancements/fy1011/2001044139-t.html423Publisher descriptionuhttp://www.loc.gov/catdir/enhancements/fy1011/2001044139-d.html423Contributor biographical informationuhttp://www.loc.gov/catdir/enhancements/fy1106/2001044139-b.html